Polen-Quiz - Sudden Death - Statistiken

Allgemein
  • Dieses Quiz wurde 245 mal gespielt
  • Das Durchschnittsergebnis liegt bei 4 aus 10
Answers on the Grid
Answers color-coded by a green-red scale on the quiz's grid according to % correct below.
Dies ist die Flagge Polens: 🇵🇱
Die polnische Hauptstadt ist Warschau
Polen ist Mitglied der Europäischen Union
In Polen leben mehr Männer als Frauen
Das KFZ-Kennzeichen von Polen ist "P"
Polen hat bereits den ESC gewonnen
Polen grenzt an ein Land mit dieser Flagge: 🇱🇹
Das BIP pro Kopf in Polen ist niedriger als das der Slowakei
Polen grenzt nicht an die Nordsee
Flächenmäßig ist Polen kleiner als Italien
Polen hat mehr Einwohner als die Ukraine
Die Währung Polens ist der Euro
Polen grenzt an Deutschland
Die polnische Vorwahl ist +48
Die polnische Bezeichnung für Polen ist "Polska"
Polen hat zwei Städte, die mehr als 1 Million Einwohner haben
Polens Küstenlänge ist länger als die von Uruguay
Das meist konsumierte alkoholische Getränk in Polen ist Wodka
Polen ist eine parlamentarische Republik
Dacia ist eine Automarke, die aus Polen kommt
 
Antwortstatistiken
Antwort % Korrekt
Dies ist die Flagge Polens: 🇵🇱
63%
Polen grenzt an Deutschland
59%
Die polnische Hauptstadt ist Warschau
56%
Die polnische Bezeichnung für Polen ist "Polska"
48%
Polen ist Mitglied der Europäischen Union
45%
Polen grenzt an ein Land mit dieser Flagge: 🇱🇹
35%
Die polnische Vorwahl ist +48
29%
Polen grenzt nicht an die Nordsee
27%
Polen ist eine parlamentarische Republik
22%
Das BIP pro Kopf in Polen ist niedriger als das der Slowakei
3%
Keine übereinstimmenden Quizze gefunden
Verteilung der Resultate
Anzahl Personen mit jedem Resultat
Perzentil nach korrekt beantworteten Fragen
Ihre Resultats-Entwicklung
Sie haben dieses Quiz noch nicht gespielt